Retrouvez les clubs vainqueurs des Coupes Européennes de Football - Statistiques

Statistiques générales
  • Ce quiz a été pris 1 517 fois
    565 depuis la dernière actualisation
  • Le résultat moyen est 38 sur 61
Statistiques - réponses
Ligue des Champions % Correct
Real Madrid
100%
FC Barcelone
99%
Olympique de Marseille
98%
Bayern Munich
97%
Liverpool
97%
Manchester City
97%
Manchester United
97%
Inter Milan
96%
Chelsea
95%
Milan AC
93%
Borussia Dortmund
92%
FC Porto
92%
FC Séville
90%
Juventus Turin
90%
Paris SG
90%
Ajax Amsterdam
88%
Benfica Lisbonne
86%
Atlético Madrid
81%
Nottingham Forest
81%
Etoile Rouge Belgrade
80%
PSV Eindhoven
78%
Aston Villa
76%
Celtic Glasgow
74%
Arsenal
73%
Feyenoord Rotterdam
71%
FC Valence
70%
AS Rome
69%
Steaua Bucarest
69%
Hambourg SV
68%
Atalanta Bergame
67%
Tottenham
66%
West Ham United
63%
Lazio Rome
61%
Glasgow Rangers
60%
Naples
59%
Villareal CF
58%
Sporting Portugal
57%
Olympiakos
56%
Fiorentina
55%
Bayer Leverkusen
54%
Eintracht Francfort
53%
CSKA Moscou
51%
Galatasaray
48%
Anderlecht
47%
Zénith Saint-Petersbourg
46%
Dynamo Kiev
44%
Parme
44%
Everton
39%
Schlake 04
37%
Werder Brême
36%
Chakhtar Donetsk
35%
Sampdoria Gênes
34%
Borussia Mönchengladbach
32%
IFK Göteborg
27%
Aberdeen FC
25%
Ipswich Town
25%
FC Malines
20%
Saragosse
17%
Dinamo Tbilissi
15%
FC Magdebourg
15%
Slovan Bratislava
15%
Aucun quiz correspondant
Distribution des résultats
% des personnes avec chaque résultat
Percentile par nombre de réponses
Votre historique - résultats
Vous n’avez pas pris ce quiz depuis la dernière actualisation